Quizzes
Events
Quiz Creation
Community
Videos
Private Events
Remove Ads
Sign In
Join for FREE
Feedback
Dark Mode
Quiz Categories
Sports
Geography
Music
Movies
Television
Just For Fun
Miscellaneous
History
Literature
Language
Science
Gaming
Entertainment
Religion
Holiday
For Kids
Quiz Lab
Recent
Popular Today
Quiz Kudos Today
Editor Picks
Curator Picks
Quizzes by...
Day
Popularity
Type
Ratings
Length
Year
Community
Subscriptions
Recent Discussions
Orange Saloon
Badges
Playlists
Quests
Create
Leaderboards
Showdown
Live 5
Trivia Bingo
Activity
Puzzle Library
Sporcle Events
Private Events
Virtual Trivia
Globe League
Become a Host
Pub Owners
SporcleCon
Opinionation
Our Games
Videos
Blog
Mobile Apps
Partnerships
Remove Ads and Go Orange
Feedback
Just For Fun
Clickable
Get the Picture
Humor
Quick Pick
Word Ladder
Missing Word
Mixed Word
Blitz
Minefield
This or That
Alphabet
Color
Typing
Sporcle
Puzzle
Word Play
Follow That Line
Logic
Just For Fun
Clickable
Get the Picture
Humor
Quick Pick
Word Ladder
Missing Word
Mixed Word
Blitz
Minefield
This or That
Alphabet
Color
Typing
Sporcle
Puzzle
Word Play
Follow That Line
Logic
Random Quiz
Search Sporcle
×
Featured
Featured
Just For Fun
Christmas
Type in answers that appear in a list
Type in answers that appear in a list
Classic
Best Score? Go Orange.
Word Ladder: No Matter How Far Away You Roam Stats
Can you name the four-letter words in this Christmas-themed ladder?
By
rer2121
6m
50 Questions
8,766 Plays
8,766 Plays
8,766 Plays
Comments
Comments
Give Quiz Kudos
Give Quiz Kudos
-
- Ratings
hide this ad
Replay
Link that replays current quiz
Next Quiz
Link to next quiz in quiz playlist
You Got
0%
They Got
Avg Score
84%
Avg Friend Score
Upgrade to see
Score Distribution
Jump to the score distribution portion of the page
Score
0/50
Timer
06:00
0
Plays Today
Hint
4-Letter Word
% Correct
★ Facebook thumbs-
up ★
★LIKE★
95.2%
Apple's center
CORE
93.7%
★ Sneaker fastener ★
★LACE★
93.6%
Zero
NONE
93.5%
Bowling alley
LANE
93.5%
Tyson or Pence, e.g.
MIKE
93.2%
1/
26 of a marathon, almost
MILE
93.1%
'O _
_
_
All Ye Faithful'
COME
92.5%
Unwanted tenants in hair
LICE
92.4%
Last part of TLC
CARE
91%
Like a ranger or star
LONE
90.6%
'_
_
_
_
& now'
THEN
90.5%
Hourglass contents
SAND
90%
Taxi payment
FARE
90%
★ Where the heart is ★
★HOME★
89.9%
Telephone inventor
BELL
89.1%
To travel by boat
SAIL
88.7%
Uttered
SAID
87.8%
Green Christmas decoration
TREE
87.4%
Suspenders substitute
BELT
87%
Icy pellets
HAIL
86.4%
Comedienne Lucy
BALL
86.2%
Group of actors
CAST
86.1%
Price to pay
COST
86.1%
Layer of paint
COAT
85.8%
Hint
4-Letter Word
% Correct
★ Anterior ★
★FORE★
84.6%
★ Symphony venue ★
★HALL★
84.6%
Cruel
MEAN
84.4%
Comparative word
THAN
84.4%
Detective's job
CASE
83.8%
★ You, archaically ★
★THEE★
83.1%
'Rush Hour' actor
CHAN
82.5%
On the house
FREE
81.9%
FDR did it by fireside
CHAT
81.7%
Undercover agent
MOLE
81.5%
Common street name in a town
MAIN
81.3%
Lose sleep over something
FRET
80.7%
Lo _
_
_
MEIN
80.3%
Give for a while
LEND
79.4%
Borscht ingredient
BEET
79.2%
What Trent Reznor's head is like
HOLE
78.9%
Honey-
based beverage
MEAD
78.4%
Wrestler Hart or writer Harte, e.g.
BRET
77.9%
Cry from the crow's nest
LAND
77.9%
Ache or dolor
PAIN
76.3%
★ Slangy negative reply ★
★NOPE★
74.7%
★ Pb (but no J) ★
★LEAD★
74.1%
Country, in Spanish
PAÍS
65.5%
A platform for a lecturn
DAIS
62.4%
★ Weekly septet ★
★DAYS★
62.2%
Quiz Playlist
Details
Report
Send in Message
Add To Playlist
Classic:
Type in answers that appear in a list
Last Updated: Dec 23, 2018
Featured
Editor Pick in
Just For Fun
Previous Word Ladder
Next Word Ladder
Play Today's Daily Dose
Quiz Scoreboard
CHALLENGE
Sign Up to Join the Scoreboard
Show All
Scores
Hide
Comments
May contain spoilers
Recently Published
Movies - When Are They Set?
by FPL_Elf
Movies
5m
Popular People in 1961
by mucciniale
History
6m
1-10 Letter E Words III
by El_Dandy
Language
2m
More to Explore
Quiz From the Vault
Featured Blog Post
Where Did the Easter Bunny Come From?
hide this ad
You Might Also Like...
Tags
Christmas Quiz
Word Ladder Quiz
4-letter
Merry Christmas
Today's Top Quizzes in Just For Fun
Browse Just For Fun
hide this ad
Today's Top Quizzes in Christmas
Browse Christmas
Top Contributed Quizzes in Just For Fun
1
Harry Potter Logic - 'In Chains' II
2
Crossword Whiteout! 49
3
Survivor Winners Logic Puzzle
4
1-30 Clickable Mines
5
Harry Potter Logic Puzzle
6
one piece logic puzzle
7
Thermometer Puzzle 25
8
Zeroing In: Just For Fun
9
Word Ladder: Ahoy Matey
10
Aquarium Logic Puzzle 17
Explore More
Trending Topics
NBA
Harry Potter
Crossword
Anime
Marvel
Kpop
Disney
Pokémon
Soccer
NFL
The Office
WWE
Song
Country
Puzzle
hide this ad
More By:
rer2121
Quiz
Plays
Rating
Category
Featured
Created
Quick Sort Minefield Blitz
262,050
3.13
Just For Fun
May 13, 2012
Fill in the Lyrics
242,424
4.13
Music
Apr 5, 2012
World Cities Match 'Em Up
184,949
4.69
Geography
Dec 7, 2012
Fill in the Lyrics II
123,112
3.84
Music
Apr 21, 2012
Word to Number Blitz
70,824
3.90
Just For Fun
Sep 29, 2012
Go to Creator's Profile
Score Distribution
Quiz Creator Spotlight
rer2121
Follow
Send a Message
Quizzes Created
-
Created Quiz Play Count
-
More By This Creator
Popular Quizzes Today
1
Find the US States - No Outlines Minefield
2
Find the Countries of Europe - No Outlines Minefield
3
The Countries of the World
4
Popular People in 1961
5
1-10 Letter E Words III
6
US States
7
Find the US States
8
One Thing in Common: World Cities II
More Just For Fun Quizzes
One's Not Like the Others
Published
Trending Quizzes
Risky Map Clicking: Least Populous States A-Z
1-10 Letter F Words
Humor Books: The Subtitles
1-10 Letter G Words
One Thing in Common: United Kingdom
Recently Updated
Leaping Animals
pecheneg
Reality TV Shows (A-Z)
bhenderson79
Rickey Henderson's Hall of Fame Teammates
pecheneg
Champions League XIs: Arsenal
pecheneg
Quick Pick: Celebrities in WWE's Hall of Fame
aduchscher
A-Z Keypad Blitz II
pecheneg
Multiple Oscar Actors
pecheneg
Mystery Phrase Blitz: Oscar 'Best Actors'
pecheneg
F. Scott Fitzgerald Novels
LTH
Pick 3 Villains
ddd62291
Trending Topics
Disney
Anime
NBA
Harry Potter
Kpop
Crossword
Marvel
The Office
NFL
Puzzle
Soccer
Pokémon
Song
WWE
Country
Your Account Isn't Verified!
In order to create a playlist on Sporcle, you need to verify the email address you used during registration. Go to your
Sporcle Settings
to finish the process.
Report this User
Report this user for behavior that violates our
Community Guidelines
.
Details:
Send Report
Go to the Sporcle.com Mobile Site →
Comments